00890nam a2200169 a 450000100100000000500170001000800410002704000250006808200150009310000280010824501500013626000690028630000200035550001460037595201820052199900170070300003284320200930065851.0110727s1907 dr 000 0 spa d aDO-SdBNPbspacBNPHU axxxxbL6811 aLeyba, Felipe E.95863610aA quién pertenece la provisión de fondos, cuando el librador cae el quiebra antes del vencimiento de la letra de cambio?. /cFelipe E. Leyba. aSanto Domingo. :bInstituto profesional de Santo Domingo,c1907. a32 p. ;c22 cm. aOriginalmente presentado como tesis para optar por la licenciatura en la facultad de derecho civil del Instituto profesional de Santo Domingo 001050718RVaPDbPDcCTd2011-07-27iLF1l0oxxxx L681p32843-10r2020-06-25w2020-06-25y1zPerteneció a la biblioteca personal de Carlos Larrazábal BlancoZNo se presta c32334d32334